000 00588nam a2200157Ia 4500
008 240428s9999||||xx |||||||||||||| ||und||
041 _aeng
082 _aMTEF/MRD/17
100 _aMinistry of Finance
245 0 _aMedium term expenditure framework(MTEF) FOR 2017-2019. (Ministry Of Railways Development ). Programme based budget estimates for 2017
260 _bMinistry of Finance
_aAccra
_c2017
300 _aiii, 33p; tabs.
650 _aMinistry of Railways Development - Medium Term Expenditure Framework - programme based budget estimates for 2017
942 _cAE
999 _c998
_d998